000
00209nam a22000977a 4500
082
_a
894.812.3
_b
NAR/U
100
_a
PAKOTTU, NARAYANA PILLA
245
_a
UNNINILAVU
650
_a
MALAYALAM STORY BOOK
942
_c
BK
999
_c
7659
_d
7659